| 000 | 00686nam a2200181 a 4500 | ||
|---|---|---|---|
| 001 | 000036660 | ||
| 005 | 20200930075846.0 | ||
| 008 | 120124s1967 mx ad 001 0 spa d | ||
| 040 |
_aDO-SdBNP _bspa _cBNPHU |
||
| 100 | 1 |
_aHooper, Alfred, _d1894- _962939 |
|
| 240 | 1 | 0 |
_aA moderrn course in trigonometry _lespañol |
| 245 | 1 | 0 |
_aCurso moderno de trigonometria : _bcon tablas y una guía para el estudiante / _cpor Alfred Hooper y Alice L. Griswold ; traductor Julian Zugazagoitia Ruiz. |
| 260 |
_aMéxico : _bPubls. Cultural,. |
||
| 300 |
_a101 p. : _bil. ; _c23 cm. |
||
| 500 | _aIncluye índice | ||
| 700 | 1 | 2 |
_aGriswold, Alice L. _956240 |
| 700 | 1 | 2 |
_aZugazagoitia Ruiz, Julian, _etr. _956241 |
| 999 |
_c36151 _d36151 |
||